Catálogo de la colección Cervantina Sedó (Record no. 7303)

MARC details
000 -CABECERA
campo de control de longitud fija 01283nam a2200253 a 4500
001 - NÚMERO DE CONTROL
campo de control BRCA_7629
005 - FECHA Y HORA DE LA ÚLTIMA TRANSACCIÓN
campo de control 20190320205923.0
008 - DATOS DE LONGITUD FIJA--INFORMACIÓN GENERAL
campo de control de longitud fija 090713m19531955sp-a######---#000-0#spa-#
041 ## - CÓDIGO DE LENGUA
Código de lengua del texto/banda sonora o título independiente spa
044 ## - CÓDIGO DEL PAÍS DE LA ENTIDAD EDITORA/PRODUCTORA
Código MARC del país sp
050 #4 - SIGNATURA TOPOGRÁFICA DE LA BIBLIOTECA DEL CONGRESO
Número de clasificación Z8158
Número de documento/Ítem .P53 1953
100 1# - ENTRADA PRINCIPAL--NOMBRE DE PERSONA
Nombre de persona Plaza Escudero, Luis María
9 (RLIN) 18820
245 10 - MENCIÓN DE TÍTULO
Título Catálogo de la colección Cervantina Sedó
Mención de responsabilidad, etc. redactado por Luis María Plaza Escudero ; editado por José Porter.
260 ## - PUBLICACIÓN, DISTRIBUCIÓN, ETC.
Lugar de publicación, distribución, etc. Barcelona
Nombre del editor, distribuidor, etc. Biblioteca Cervantina
Fecha de publicación, distribución, etc. 1953-1955
300 ## - DESCRIPCIÓN FÍSICA
Extensión 3 v.
Otras características físicas il.
Dimensiones 25 cm.
Material acompañante/anejo 1 guía y suplemento
500 ## - NOTA GENERAL
Nota general Incluye guía del lector y resumen estadístico con últimas adiciones. Registra la ficha bibliográfica de la Biblioteca Cervantina del Lic. Carlos Prieto (v.3, p. 205)
500 ## - NOTA GENERAL
Nota general T42
505 0# - NOTA DE CONTENIDO CON FORMATO
Nota de contenido con formato v.1 Guía del lector, resumen estadístico de la edición del Quijote, adiciones últimas.-- v.2 Obras de Cervantes (excepto don Quijote), obras de Cervantes completas y selectas, obras de inspiración cervantina, novelística, caballeresca y sentimental.-- v.3 Crítica cervantina, catálogos, conmemoraciones, índices.
600 14 - PUNTO DE ACCESO ADICIONAL DE MATERIA--NOMBRE DE PERSONA
Nombre de persona Cervantes Saavedra, Miguel de
Fechas asociadas al nombre 1547-1616
Subdivisión de forma Bibliografía
9 (RLIN) 7606
700 1# - PUNTO DE ACCESO ADICIONAL--NOMBRE DE PERSONA
Nombre de persona Sedó Peris-Mencheta, Juan
9 (RLIN) 18821
700 1# - PUNTO DE ACCESO ADICIONAL--NOMBRE DE PERSONA
Nombre de persona Porter, José
Término indicativo de función/relación ed.
9 (RLIN) 18822
902 ## - CATALOGADOR
Iniciales GFM
942 ## - ELEMENTOS DE PUNTO DE ACCESO ADICIONAL (KOHA)
Fuente del sistema de clasificación o colocación Library of Congress Classification
Tipo de ítem Koha Libros
Holdings
Estado de retiro Estado de pérdida Estado dañado No para préstamo Localización permanente Ubicación/localización actual Fecha de adquisición Número de inventario Total de préstamos Signatura topográfica completa Código de barras Fecha visto por última vez Precio válido a partir de Tipo de ítem Koha
El ejemplar forma parte de la colección y puede ser consultado según las políticas vigentes.       Biblioteca del Museo Franz Mayer (Rogerio Casas-Alatriste) Biblioteca del Museo Franz Mayer (Rogerio Casas-Alatriste) 09/07/2013 T42   Z8158 .P53 1953 (T42) 8237 22/03/2019 22/03/2019 Libros